000 00869nam a2200265 a 4500
001 57843
003 Mx-PuUPA
005 20260218134849.0
008 140415s2010 mx 000 0 spa d
020 _a9789688532539
040 _cMx-PuUPA
041 _aspa
082 _a658.42
_bCOV
100 1 _aCovey, Stephen R.,.
245 1 3 _aEL LIDERAZGO CENTRADO EN PRINCIPIOS
250 _a1a ed.
260 _aMEXICO :
_bPAIDOS MEXICANA,
_c2010
300 _a457
_c15.2 x 2.9 x 21.9
490 _aPAIDOS EMPRESA
650 1 4 _aADMINISTRACION
_xCIENCIAS ADMINISTRATIVAS
_xLIDERAZGO
_xPROCESO ADMINISTRATIVO
_xDIRECCION
700 1 _aPANTELIDES, ORESTES
_etr.
740 _aPRINCIPLE CENTERED LEADERSHIP
942 _2ddc
_cLI
999 _c57843
_d57843